[Event "Division Honor Grupo I"]
[Site ""]
[Date "2011.03.05"]
[Round "5.10"]
[White "Forcen Esteban Daniel"]
[Black "Gavin Roche Enrique"]
[Result "1/2-1/2"]
[WhiteElo "2378"]
[BlackElo "2241"]

1.e4 e6 2.d4 d5 3.Nc3 Bb4 4.exd5 exd5 5.Bd3 Nc6 6.a3 Be7 7.Be3 Bf6 8.Nce2 Nge7
9.c3 Bf5 10.Ng3 Bxd3 11.Qxd3 g6 12.Nf3 Qd7 13.b4 a6 14.h4 h5 15.Ng5 Kf8 16.f3
Kg7 17.Kf2 Nc8 18.Rae1 Nd6 19.Bf4 Nc4 20.Bc1 b5 21.Ne2 Ne7 22.Reg1 Qf5 23.Qxf5
Nxf5 24.g4 hxg4 25.Rxg4 a5 26.Ng3 Nxg3 27.Kxg3 axb4 28.axb4 Ra1 29.Rg1 Nd6 30.
Rf4 Bxg5 31.hxg5 Nf5+ 32.Rxf5 gxf5 33.g6 Ra2 34.gxf7 Kxf7 35.Bg5 Rc2 36.Re1
Re8 37.Rh1 Rg8 38.Kf4 Rxc3 39.Rh7+ Rg7 40.Rh6 Ke8 41.Bf6 Rf7 42.Ke5 Rxf3 43.
Ke6 Re3+ 44.Be5 Re7+ 45.Kxd5 Kd7 46.Rf6 c6+ 47.Kc5 R3xe5+ 48.dxe5 Rxe5+ 49.Kb6
Ke7 50.Rxc6 f4 51.Rc5 Rxc5 52.bxc5 b4 53.c6 b3 54.c7 b2 55.c8=Q b1=Q+ 56.Ka5
Qa2+ 57.Kb4 Qb2+ 58.Ka4 Qd4+ 59.Kb3 Kd6 60.Kc2 Qf2+ 61.Kd1 f3 62.Qd8+ Ke5 63.
Qg5+ Ke4 64.Qg4+ Kd3 65.Qf5+ Kc3 66.Qc8+ Kb2 67.Qb7+ Ka3 68.Qe7+ Ka4 69.Qe4+
Kb5 70.Qe5+ Kb4 71.Qe1+ 1/2-1/2

[Event "Division Honor Grupo I"]
[Site ""]
[Date "2011.03.05"]
[Round "5.11"]
[White "Lopez Guaita Fernando"]
[Black "Baron Rodriguez Jorge"]
[Result "0-1"]
[WhiteElo "2032"]
[BlackElo "2272"]

1.e4 c5 2.Nf3 d6 3.Bb5+ Bd7 4.Bxd7+ Qxd7 5.O-O Nf6 6.Re1 e6 7.c3 Be7 8.d4 cxd4
9.cxd4 d5 10.Ne5 Qd8 11.Nc3 O-O 12.Qb3 Qb6 13.Qxb6 axb6 14.exd5 Nxd5 15.Nxd5
exd5 16.a3 Bb4 17.Rd1 f6 18.Nd3 Bd6 19.Bf4 Rd8 20.Bxd6 Rxd6 21.Nb4 Nc6 22.Nxc6
Rxc6 23.Rd2 Kf7 24.Kf1 b5 25.Rd3 Ra4 26.Rad1 b4 27.Rb3 Rc2 28.Ke1 g5 29.axb4
Rc4 30.Ke2 b5 31.Rdd3 Ra1 32.Ra3 Rb1 33.Rab3 h5 34.Rd2 Kg6 35.Ke3 Kf5 36.Ke2
Rg1 37.Kf3 g4+ 38.Kg3 h4+ 39.Kxh4 Rxg2 40.h3 Rc7 41.hxg4+ Rxg4+ 0-1

[Event "Division Honor Grupo I"]
[Site ""]
[Date "2011.03.05"]
[Round "5.12"]
[White "Castillo Sanjuan Daniel"]
[Black "Navarro Sancho Rafael"]
[Result "1-0"]
[WhiteElo "1944"]
[BlackElo "1831"]

1.e4 d6 2.d4 Nf6 3.Nc3 g6 4.f4 Bg7 5.Nf3 O-O 6.h3 a6 7.Be3 b5 8.a3 Bb7 9.Bd3
Nbd7 10.g4 c5 11.d5 c4 12.Be2 Nc5 13.Nd2 Nfd7 14.O-O Rc8 15.Qe1 e6 16.Rd1 exd5
17.exd5 Qe7 18.Bf3 Rfe8 19.Bxc5 Nxc5 20.Qf2 Bxc3 21.bxc3 Qf6 22.Qd4 Qg7 23.
Rfe1 Qf8 24.f5 Rxe1+ 25.Rxe1 Re8 26.Rxe8 Qxe8 27.Kf2 gxf5 28.gxf5 Bc8 29.Qg4+
Kh8 30.Qg5 Bd7 31.Qf6+ Kg8 32.Qxd6 Qf8 33.Qf4 Qg7 34.f6 Qf8 35.h4 Na4 36.Be4
Nc5 37.h5 h6 38.Ke3 a5 39.Kd4 Nb7 40.Qc7 Nc5 41.Qxc5 1-0

[Event "Division Honor Grupo I"]
[Site ""]
[Date "2011.03.05"]
[Round "5.13"]
[White "Fernandez Rubio Rafael"]
[Black "Gimenez Martinez Alberto"]
[Result "0-1"]
[WhiteElo "2054"]
[BlackElo "2132"]

1.f4 c5 2.Nf3 d6 3.b3 Nf6 4.e3 g6 5.Bb2 Bg7 6.Be2 Nc6 7.O-O O-O 8.a4 a6 9.Na3
Rb8 10.Qe1 Nb4 11.Qh4 Bf5 12.d3 b5 13.axb5 axb5 14.e4 Bd7 15.Ng5 h6 16.Nh3 c4
17.g4 Qc8 18.f5 g5 19.Nxg5 hxg5 20.Qxg5 c3 21.Bc1 Nh7 22.Qxe7 Qc5+ 23.Kh1 Bf6
24.Qxd7 Rfd8 25.g5 Rxd7 26.gxf6 Nxf6 27.Bh6 Kh8 28.Rf3 Nh7 29.f6 Rg8 30.Rf5 d5
31.e5 Rg6 32.Nxb5 Rxh6 33.Ra8+ Nf8 34.Nd6 Kg8 35.Bh5 Rxd6 36.Rg5+ Rg6 37.Bxg6
fxg6 38.Rxg6+ Kf7 39.Rg7+ Ke6 40.exd6 Qxd6 41.f7 Nxc2 42.Re8+ Kf6 43.Rg2 0-1

[Event "Division Honor Grupo I"]
[Site ""]
[Date "2011.03.05"]
[Round "5.14"]
[White "Quintin Navarro Alberto"]
[Black "Sierra Aguerri Joaquin"]
[Result "1-0"]
[WhiteElo "2121"]
[BlackElo "2051"]

1.d4 e6 2.e4 d5 3.Nc3 dxe4 4.Nxe4 Nf6 5.Nxf6+ Qxf6 6.Bd3 Bd7 7.Nf3 h6 8.O-O
Bc6 9.Ne5 Bd6 10.Qe2 Bxe5 11.dxe5 Qe7 12.Qg4 Nd7 13.Re1 O-O-O 14.b4 h5 15.Qd4
Nb6 16.Qb2 Na4 17.Qb3 Rd4 18.a3 Rg4 19.Bf1 Nb6 20.c4 Nxc4 21.h3 Bd5 22.hxg4
Nd2 23.Qh3 Nxf1 24.Rxf1 g5 25.gxh5 f5 26.exf6 Qxf6 27.Be3 Qf7 28.g4 Bf3 29.
Rac1 e5 30.Rc5 e4 31.Rxg5 Qb3 32.Rg7 Kb8 33.Qg3 1-0

[Event "Division Honor Grupo I"]
[Site ""]
[Date "2011.03.05"]
[Round "5.15"]
[White "Vera Jimenez Andres"]
[Black "Labena Bernal Antonio"]
[Result "0-1"]
[WhiteElo "2006"]
[BlackElo "2073"]

1.Nf3 Nf6 2.d4 d5 3.g3 e6 4.Bg2 Nbd7 5.O-O Bd6 6.b3 e5 7.dxe5 Nxe5 8.Bb2 Qe7
9.Nbd2 O-O 10.Nxe5 Bxe5 11.Bxe5 Qxe5 12.Nf3 Qb2 13.Qc1 Qc3 14.Qd2 Qc5 15.b4
Qe7 16.Rfe1 Re8 17.Rad1 Ne4 18.Qd4 c6 19.a3 Bf5 20.Nh4 Bc8 21.Bxe4 Qxe4 22.
Qxe4 Rxe4 23.f3 Rc4 24.e4 Be6 25.Rd2 dxe4 26.Rxe4 Rxe4 27.fxe4 a5 28.Kf2 g6
29.Nf3 axb4 30.axb4 Ra4 31.c3 Ra3 32.Rc2 Kg7 33.Ke3 Bg4 34.Ne5 Bc8 35.Nc4 Ra7
36.Kd4 Be6 37.Nd6 b6 38.e5 Ra1 39.Rd2 Rc1 40.Ne8+ Kf8 41.Nf6 Kg7 42.Ne4 Kf8
43.Nd6 c5+ 44.bxc5 bxc5+ 45.Kd3 Re1 46.Re2 Rd1+ 47.Kc2 Rd5 48.Nb7 Bc8 49.Na5
Ke7 50.Re3 Ke6 51.Nb3 Ba6 52.Kb2 Bc4 53.Na5 Bf1 54.Nb3 Bc4 55.Na5 Ba6 56.Nb3
Bf1 57.Kc2 Ba6 58.Re1 Bc4 59.Na5 Ba6 60.Kb3 Rxe5 61.Ra1 Be2 62.Nc6 Re4 63.Ra5
Kd6 64.Nd8 Bc4+ 65.Kb2 Re2+ 66.Kc1 Bd5 67.Ra6+ Kd7 68.Rf6 Rxh2 69.Nxf7 Ke7 0-1

[Event "Division Honor Grupo I"]
[Site ""]
[Date "2011.03.05"]
[Round "5.16"]
[White "Arregui Unotria Carlos"]
[Black "Sancho Casale Jesus"]
[Result "0-1"]
[WhiteElo "2038"]
[BlackElo "1932"]

1.d4 Nf6 2.c4 g6 3.Nc3 d5 4.cxd5 Nxd5 5.e4 Nxc3 6.bxc3 Bg7 7.Bg5 c5 8.Rc1 cxd4
9.cxd4 O-O 10.d5 Qb6 11.Bxe7 Bd4 12.Qd2 Re8 13.Nf3 Nd7 14.Nxd4 Rxe7 15.f3 Nf6
16.Bc4 Nxe4 17.fxe4 Rxe4+ 18.Ne2 Bg4 19.d6 Bxe2 20.Bxf7+ Kxf7 21.Rc7+ Ke8 22.
Qd5 Bf3+ 23.Kf1 Re1+ 24.Kxe1 Qe3+ 0-1

[Event "Division Honor Grupo II"]
[Site ""]
[Date "2011.03.05"]
[Round "5.17"]
[White "Navarro Alonso Jorge Luis"]
[Black "Llanes Luno Ricardo"]
[Result "1-0"]
[WhiteElo "2157"]
[BlackElo "2224"]

1.e4 c5 2.Nf3 e6 3.Nc3 a6 4.d4 cxd4 5.Nxd4 Qc7 6.Bd3 Nf6 7.f4 Bc5 8.Nb3 Bb4 9.
O-O h5 10.Qe2 b5 11.Bd2 Nc6 12.e5 Bxc3 13.bxc3 Ng4 14.a4 bxa4 15.Rxa4 g5 16.h3
gxf4 17.hxg4 f3 18.Qxf3 Nxe5 19.Qxa8 hxg4 20.Bf4 Ke7 21.Qe4 d6 22.Bxa6 Bd7 23.
Bg5+ Kf8 24.Qa8+ Be8 25.Bb5 f5 26.Qxe8+ Kg7 27.Bf6+ Kxf6 28.Qxh8+ Kg5 29.Nd4
Qxc3 30.Nxe6+ Kg6 31.Qg7+ 1-0

[Event "Division Honor Grupo II"]
[Site ""]
[Date "2011.03.05"]
[Round "5.18"]
[White "Lamas Mercadal Manuel"]
[Black "Guzman Moneo Alberto"]
[Result "0-1"]
[WhiteElo "2187"]
[BlackElo "2170"]

1.e4 c5 2.Nf3 Nc6 3.d4 cxd4 4.Nxd4 e5 5.Nb5 a6 6.Nd6+ Bxd6 7.Qxd6 Qf6 8.Qd1
Qg6 9.Nc3 d5 10.Nxd5 Qxe4+ 11.Ne3 Nge7 12.Bd3 Qh4 13.O-O O-O 14.g3 Qh3 15.Be4
Rd8 16.Qe1 Qh5 17.f4 exf4 18.Rxf4 Ng6 19.Rf2 Re8 20.Bf3 Qc5 21.Qc3 Qxc3 22.
bxc3 Nge5 23.Bd5 Be6 24.c4 Rac8 25.Bb2 Rc7 26.Rb1 Ng4 27.Nxg4 Bxg4 28.Rf4 Bh5
29.Rbf1 Bg6 30.h4 h5 31.g4 Nb4 32.gxh5 Bxh5 33.Rf5 Bg6 34.R5f2 Nxd5 35.cxd5
Re4 36.Rh2 Rg4+ 37.Rg2 Rxg2+ 38.Kxg2 Rxc2+ 39.Rf2 Be4+ 40.Kg3 Rxf2 41.Kxf2
Bxd5 42.a4 a5 43.Bc3 Bc6 44.Bxa5 Bxa4 45.Ke3 Kh7 46.Kf4 Kg6 47.Bc3 f6 48.Bb4
Bc6 49.Bf8 Ba4 50.Bc5 b5 51.Bf8 Bd1 52.Kg3 Kf7 53.Bb4 Ke6 54.Kf4 Kd5 55.Bf8 g6
56.Ke3 Ke5 57.Be7 Ke6 58.Bb4 Kf5 59.Kd4 Kg4 60.Be1 Kf3 61.Bc3 f5 62.Ke5 Kg4
63.Be1 f4 64.Ke4 Bc2+ 65.Kd4 Kf3 66.Kc5 Ke2 0-1

[Event "Division Honor Grupo II"]
[Site ""]
[Date "2011.03.05"]
[Round "5.19"]
[White "Cerrajeria Ruiz Jesus Maria"]
[Black "Llanes Luno Pedro Alfredo"]
[Result "1-0"]
[WhiteElo "2149"]
[BlackElo "2174"]

1.d4 Nf6 2.Bg5 c5 3.Nc3 cxd4 4.Qxd4 Qa5 5.Qh4 d6 6.O-O-O Be6 7.Kb1 Nd5 8.Rxd5
Bxd5 9.b4 Bxa2+ 10.Nxa2 Qc7 11.Nf3 a5 12.b5 Nd7 13.Bc1 e5 14.e4 Be7 15.Bg5 f6
16.Bd2 O-O 17.Qg4 Kh8 18.Nc3 Nb6 19.Qe6 Rfe8 20.Bd3 d5 21.Nxd5 Nxd5 22.Qxd5
Bb4 23.Rd1 Bc3 24.Qb3 Bxd2 25.Rxd2 Qc5 26.Kb2 a4 27.Qa3 Qb6 28.Qb4 a3+ 29.Ka2
Qe6+ 30.c4 Red8 31.h3 b6 32.Be2 Rd7 33.Rxd7 Qxd7 34.Qd2 Qe7 35.Ne1 Rd8 36.Nd3
f5 37.f3 fxe4 38.fxe4 Rd4 39.Qb4 Qd8 40.Nxe5 Rd2+ 41.Kb3 Rb2+ 42.Kxa3 Rxb4 43.
Nf7+ Kg8 44.Nxd8 Rb1 45.Ka2 Re1 46.Bf3 Re3 47.c5 bxc5 48.b6 c4 49.b7 Rb3 50.e5
Kf8 51.Ne6+ Ke7 52.Nd4 1-0

[Event "Division Honor Grupo II"]
[Site ""]
[Date "2011.03.05"]
[Round "5.20"]
[White "Roche Simon Miguel Angel"]
[Black "Matamoros Villarreal Antonio"]
[Result "1-0"]
[WhiteElo "2141"]
[BlackElo "2021"]

1.e4 e5 2.Nf3 Nc6 3.d4 exd4 4.Nxd4 d6 5.Nc3 Nf6 6.f3 Bd7 7.Be3 a6 8.Qd2 Be7 9.
g4 O-O 10.O-O-O Nxd4 11.Qxd4 Be6 12.g5 Nd7 13.h4 c5 14.Qd2 b5 15.Kb1 Qa5 16.
Nd5 Qd8 17.Nxe7+ Qxe7 18.Qxd6 Qxd6 19.Rxd6 Ne5 20.f4 Nc4 21.Bxc4 Bxc4 22.Bxc5
Rfc8 23.Bb6 Be2 24.Re1 Bf3 25.Re3 Bg4 26.Rg3 Bh5 27.Rgd3 Re8 28.R3d4 Bf3 29.e5
Bg4 30.b3 Rec8 31.Kb2 Be6 32.a4 bxa4 33.Rxa4 Bf5 34.c4 Be4 35.Kc3 Bc6 36.Ra5
Kf8 37.f5 Be8 38.Bc5 Kg8 39.e6 fxe6 40.fxe6 Rc6 41.Rxc6 Bxc6 42.Kd4 h6 43.gxh6
gxh6 44.Ke5 Bf3 45.Kf6 Bd1 46.Ra3 Rc8 47.Bd6 Ra8 48.c5 Be2 49.c6 Rc8 50.c7 Bb5
51.Ra5 Re8 52.Rxb5 axb5 53.Be7 Rc8 54.Bd6 1-0

[Event "Division Honor Grupo II"]
[Site ""]
[Date "2011.03.05"]
[Round "5.21"]
[White "Martinez Catalin Francisco Javier"]
[Black "Bayod Rubia Angel"]
[Result "1-0"]
[WhiteElo "2206"]
[BlackElo "2053"]

1.d4 Nf6 2.c4 c5 3.d5 e5 4.Nc3 d6 5.e4 Be7 6.g3 O-O 7.h4 Ne8 8.Bh3 Nd7 9.Nf3
Ndf6 10.Bxc8 Qxc8 11.Qd3 Qg4 12.Nh2 Qd7 13.Nf1 Bd8 14.Ne3 Ba5 15.Bd2 a6 16.Ke2
g6 17.Kf1 Ng7 18.Kg2 Nfh5 19.Ne2 Bxd2 20.Qxd2 f5 21.exf5 gxf5 22.f4 e4 23.b4
b6 24.bxc5 bxc5 25.Rab1 Rfb8 26.Rb2 Rb7 27.Rhb1 Rab8 28.Qc3 Kf7 29.Rxb7 Rxb7
30.Rb3 Qc7 31.Qb2 Rxb3 32.Qxb3 Nf6 33.Nc3 Nd7 34.g4 fxg4 35.Nxe4 h5 36.Ng5+
Ke8 37.Qc3 Nf8 38.f5 Qd7 39.Ne6 Ngxe6 40.dxe6 Qd8 41.Kg3 d5 42.Nxd5 Qd6+ 43.
Kg2 Qb8 44.Qg7 1-0

[Event "Division Honor Grupo II"]
[Site ""]
[Date "2011.03.05"]
[Round "5.22"]
[White "Bailo Remacha Santiago"]
[Black "Valles Mata David"]
[Result "0-1"]
[WhiteElo "2044"]
[BlackElo "2152"]

1.g3 e5 2.Bg2 Nc6 3.c4 f5 4.b3 Nf6 5.Nc3 g6 6.Bb2 Bg7 7.Nd5 d6 8.f4 e4 9.a3
O-O 10.Qc2 Be6 11.Nxf6+ Bxf6 12.Bxf6 Qxf6 13.Rd1 d5 14.cxd5 Bxd5 15.e3 Qf7 16.
Rb1 Na5 17.b4 Nc4 18.Qc3 b5 19.Ne2 a5 20.O-O axb4 21.axb4 Ra2 22.Rfd1 Rfa8 23.
Nc1 R2a3 24.Qd4 c6 25.Bf1 Qa7 26.Qxa7 R8xa7 27.Kf2 Ra1 28.Nb3 Rxb1 29.Rxb1 Ra2
30.Ke1 Na3 0-1

[Event "Division Honor Grupo II"]
[Site ""]
[Date "2011.03.05"]
[Round "5.23"]
[White "Solano Lasierra Javier"]
[Black "Veras Sanz Marino"]
[Result "1-0"]
[WhiteElo "2156"]
[BlackElo "2051"]

1.d4 Nf6 2.c4 e6 3.Nc3 Bb4 4.e3 b6 5.Bd3 Bb7 6.Ne2 O-O 7.O-O d5 8.cxd5 Bxc3 9.
bxc3 Qxd5 10.f3 c5 11.e4 Qc6 12.Be3 Nbd7 13.Rc1 c4 14.Bc2 e5 15.Qe1 Rfe8 16.
Qh4 Nf8 17.g4 Ng6 18.Qg3 Rad8 19.d5 Qd6 20.h4 Qa3 21.h5 Nf4 22.Nxf4 exf4 23.
Qxf4 Qxc3 24.Ba4 Nxd5 25.Rxc3 Nxf4 26.Bxf4 Re7 27.Bb5 1-0

[Event "Division Honor Grupo II"]
[Site ""]
[Date "2011.03.05"]
[Round "5.24"]
[White "Requena Munguira Jorge"]
[Black "Felez Casedas Carlos"]
[Result "0-1"]
[WhiteElo "1983"]
[BlackElo "2042"]

1.d4 d5 2.c4 e6 3.Nc3 Nf6 4.Bg5 Be7 5.Nf3 O-O 6.e3 h6 7.Bh4 Ne4 8.Bxe7 Qxe7 9.
Nxe4 dxe4 10.Nd2 f5 11.Qh5 Nd7 12.Be2 Nf6 13.Qg6 Bd7 14.a3 c5 15.dxc5 Qxc5 16.
b4 Qe5 17.Ra2 a5 18.b5 Qc3 19.O-O Be8 20.Qg3 Rd8 21.Rd1 Bh5 22.Bxh5 Nxh5 23.
Qc7 Rd3 24.Qe7 Qxc4 25.Rb2 Rfd8 26.g4 Qc3 27.Qxe6+ Kh8 28.Qa2 fxg4 29.Kg2 Qxa3
30.Qxa3 Rxa3 31.Rc1 Nf6 32.Rc4 Re8 33.Rc7 b6 34.Nb3 Nd5 35.Rb7 Rc8 36.Rd2
Nxe3+ 37.fxe3 Rxb3 38.Rdd7 Rc2+ 39.Kg3 Rxe3+ 40.Kf4 Rf3+ 41.Ke5 e3 42.Rxg7 e2
43.Rh7+ Kg8 44.Rhg7+ Kf8 0-1

[Event "Division Honor Grupo II"]
[Site ""]
[Date "2011.03.05"]
[Round "5.25"]
[White "Laliena Solares Luis"]
[Black "Hefty Hilardo Jorge Walter"]
[Result "1/2-1/2"]
[WhiteElo "2208"]
[BlackElo "2314"]

1.d4 {299MB, Eco2008.ctg, ASUS X51R
} 1...Nf6 2.Bf4 d5 3.e3 Bg4 4.Nf3 e6 5.h3 Bxf3 6.gxf3 Bd6 7.Bxd6 Qxd6 8.c3
Nbd7 9.f4 c5 10.Bd3 Qb6 11.Qd2 Rc8 12.a4 h6 13.a5 Qd6 14.b4 c4 15.Bc2 g5 16.
fxg5 hxg5 17.Qe2 e5 18.Na3 a6 19.Bf5 Kf8 20.Nc2 Re8 21.O-O-O exd4 22.Nxd4 Ne5
23.Rdg1 b6 24.axb6 Qxb6 25.f3 a5 26.b5 Rg8 27.Rg2 Qc5 28.Rhg1 Qa3+ 29.Qb2 Qc5
30.Qd2 Qa3+ 31.Qb2 Qc5 32.Qd2 Qa3+ 1/2-1/2

[Event "Division Honor Grupo II"]
[Site ""]
[Date "2011.03.05"]
[Round "5.26"]
[White "Martinez Cebolla Alberto"]
[Black "Latorre Abad Fernando"]
[Result "1/2-1/2"]
[WhiteElo "2061"]
[BlackElo "2100"]

1.e4 e5 2.Nf3 Nc6 3.Bc4 Bc5 4.c3 Nf6 5.d4 exd4 6.cxd4 Bb4+ 7.Bd2 Bxd2+ 8.Nbxd2
d5 9.exd5 Nxd5 10.Qb3 Nce7 11.O-O O-O 12.Rfe1 c6 13.a4 Qb6 14.a5 Qxb3 15.Nxb3
Bf5 16.Ne5 Nb4 17.Ra4 Ned5 18.Bxd5 Nxd5 19.a6 b5 20.Raa1 Nb4 21.Rac1 Be6 22.
Na5 f6 23.Naxc6 Na2 24.Ne7+ Kh8 25.N5g6+ hxg6 26.Rxe6 Nxc1 27.Re3 Ne2+ 28.Rxe2
Kh7 29.Re3 Kh6 30.Rh3+ Kg5 31.Rg3+ Kh5 32.Rh3+ Kg5 33.Rg3+ 1/2-1/2

[Event "Division Honor Grupo II"]
[Site ""]
[Date "2011.03.05"]
[Round "5.27"]
[White "Cobo Garrido Diego Israel"]
[Black "Castillo Sanjuan Alejandro"]
[Result "1/2-1/2"]
[WhiteElo "2062"]
[BlackElo "1967"]

1.e4 c5 2.c3 d5 3.exd5 Qxd5 4.d4 Nf6 5.Nf3 Bg4 6.Be2 e6 7.O-O Nc6 8.Be3 cxd4
9.cxd4 Be7 10.Nc3 Qd7 11.h3 Bxf3 12.Bxf3 Nb4 13.Be2 O-O 14.Bf4 Rad8 15.Be5 a6
16.Rc1 b5 17.Qd2 Nc6 18.Qg5 h6 19.Qg3 Nxd4 20.Bd3 Bd6 21.Rfd1 Bxe5 22.Qxe5 Qd6
23.Qe3 Qe7 24.Bb1 Nc6 25.Qb6 Nb4 26.a3 Rb8 27.Qa5 Nbd5 28.Nxd5 Nxd5 29.Qxa6
Qg5 30.Qc6 Qe5 31.Qc2 g6 32.Re1 Qg5 33.Qe4 Rbc8 34.Rcd1 Rc4 35.Qe5 Qh4 36.Re4
Rxe4 37.Qxe4 Qf6 38.Qe2 Rb8 39.g3 Qg5 40.Kf1 h5 41.h4 Qf6 42.Be4 Ne7 43.b4 Nf5
44.Bxf5 Qxf5 45.Kg2 Rc8 46.Qd3 Qe5 47.Qd4 Qxd4 48.Rxd4 Rc7 49.Rd8+ Kg7 50.Rb8
Ra7 51.Rxb5 Rxa3 52.Rb8 Rb3 53.b5 Kf6 54.b6 Kf5 55.b7 e5 56.f3 Rb2+ 57.Kh3 Rb3
58.Kg2 Rb2+ 59.Kh3 1/2-1/2

[Event "Division Honor Grupo II"]
[Site ""]
[Date "2011.03.05"]
[Round "5.28"]
[White "Jimenez Fernandez Alejandro"]
[Black "Gayan Carceller Miguel Angel"]
[Result "1-0"]
[WhiteElo "1966"]
[BlackElo "1883"]

1.d4 e6 2.c4 Nf6 3.Nf3 d5 4.Nc3 Be7 5.cxd5 exd5 6.Bg5 O-O 7.e3 h6 8.Bh4 Be6 9.
Bd3 Nbd7 10.O-O b6 11.Rc1 c5 12.Bb1 c4 13.Ne5 Nxe5 14.dxe5 Nd7 15.Bxe7 Qxe7
16.Nxd5 Bxd5 17.Qxd5 Nxe5 18.Qe4 f5 19.Qd5+ Kh8 20.Bxf5 Qf6 21.Bb1 Rae8 22.h3
Nd3 23.Rxc4 Rd8 24.Qc6 Qxb2 25.Qg6 Rf6 26.Qe4 Rfd6 27.Rd4 Rxd4 28.exd4 Rxd4
29.Qe8+ Kh7 30.Bxd3+ 1-0

[Event "Division Honor Grupo II"]
[Site ""]
[Date "2011.03.05"]
[Round "5.29"]
[White "Adla Diego Gustavo"]
[Black "Gil Capape MA"]
[Result "1-0"]
[WhiteElo "2512"]
[BlackElo "2061"]

1.d4 g6 2.c4 Bg7 3.e4 c5 4.d5 d6 5.Bd3 Nd7 6.Nf3 h6 7.O-O Ngf6 8.h3 O-O 9.Nc3
a6 10.a4 Rb8 11.Re1 Ne8 12.Bf4 Ne5 13.Nxe5 dxe5 14.Be3 b6 15.a5 Bd7 16.Qd2 Kh7
17.Reb1 f5 18.axb6 Rxb6 19.Bxc5 Rbf6 20.f3 R8f7 21.Bf2 Nd6 22.c5 fxe4 23.Nxe4
Nxe4 24.Bxe4 Qc8 25.Kh2 Bf5 26.Re1 h5 27.Be3 Bxh3 28.gxh3 Rxf3 29.Qg2 R3f6 30.
Rf1 Qf8 31.Rxf6 Rxf6 32.Rf1 Qf7 33.Rxf6 exf6 34.Qxg6+ 1-0

[Event "Division Honor Grupo II"]
[Site ""]
[Date "2011.03.05"]
[Round "5.30"]
[White "Alonso Fernandez Revuelta Rodri"]
[Black "Glavina Rossi Pablo"]
[Result "0-1"]
[WhiteElo "2037"]
[BlackElo "2462"]

1.e4 e5 2.Nf3 Nc6 3.Bb5 Bc5 4.O-O Qf6 5.c3 Nge7 6.d3 h6 7.Qe2 O-O 8.Be3 Bb6 9.
Na3 d6 10.h3 g5 11.Nh2 Ng6 12.Nc4 Nce7 13.Nxb6 axb6 14.d4 Kh7 15.Qh5 Rg8 16.
Ng4 Bxg4 17.Qxg4 Nf4 18.Bxf4 gxf4 19.dxe5 Qxe5 20.Qd7 f3 21.g4 c6 22.Bd3 Rad8
23.Qxb7 h5 24.Rfd1 hxg4 25.hxg4 Rxg4+ 26.Kf1 Rdg8 27.Ke1 Qg5 0-1

[Event "Division Honor Grupo II"]
[Site ""]
[Date "2011.03.05"]
[Round "5.31"]
[White "Lopez Gracia Fernando"]
[Black "Galvez Perez Jose Luis"]
[Result "1-0"]
[WhiteElo "2319"]
[BlackElo "1972"]

1.e4 d6 2.d4 Nf6 3.Nc3 g6 4.h3 Bg7 5.g4 h5 6.g5 Nfd7 7.f4 c5 8.dxc5 Nxc5 9.Bg2
O-O 10.Nge2 Nc6 11.O-O Be6 12.Rb1 Bc4 13.Re1 a5 14.Be3 Bxe2 15.Nxe2 Qc8 16.c3
Rd8 17.Rf1 e6 18.f5 exf5 19.exf5 Be5 20.fxg6 fxg6 21.Qd5+ Kh7 22.Rf7+ Bg7 23.
Bd4 Ne6 24.Bxg7 Nxg7 25.Nd4 Ne5 26.Rxb7 Rb8 27.Rxb8 Qxb8 28.Qxa5 Rc8 29.a4 Rc5
30.Qb4 Qa7 31.Qb7 1-0

[Event "Division Honor Grupo II"]
[Site ""]
[Date "2011.03.05"]
[Round "5.32"]
[White "Vasilev Vas"]
[Black "Garcia Andres Daniel"]
[Result "0-1"]
[WhiteElo "1966"]
[BlackElo "1997"]

1.d4 g6 2.Nf3 d6 3.c4 c5 4.d5 Bg7 5.Nc3 Qb6 6.e4 Bg4 7.Qa4+ Bd7 8.Qc2 Na6 9.a3
Nf6 10.h3 O-O 11.Bd3 e6 12.O-O exd5 13.cxd5 Rac8 14.Nd2 Nh5 15.Nc4 Qc7 16.Be2
Nf6 17.Bf4 Ne8 18.a4 Nb4 19.Qd2 a6 20.Rad1 Rd8 21.Qe3 Nc2 22.Qg3 Bxa4 23.Nxa4
b5 24.Nc3 bxc4 25.Bxc4 Qb6 26.b3 Nf6 27.Na4 Qb4 28.Bd2 Qb7 29.Qd3 Nb4 30.Bxb4
Qxb4 31.f3 a5 32.Nc3 Nh5 33.Nb5 Rfe8 34.f4 Kh8 35.Rf2 a4 36.bxa4 f5 37.Rff1
Rxe4 38.Rc1 Nxf4 39.Qc2 Be5 40.Nc7 Bd4+ 41.Kh2 Qb7 42.Nb5 Qe7 43.g3 Nxd5 0-1

[Event "Preferente Grupo I"]
[Site ""]
[Date "2011.03.05"]
[Round "5.33"]
[White "Antonano Fernandez Avelino"]
[Black "Colas Longares Rafael P"]
[Result "0-1"]
[WhiteElo "2144"]
[BlackElo "2302"]

1.Nf3 c5 2.e4 Nc6 3.d4 cxd4 4.Nxd4 e5 5.Nb5 a6 6.Nd6+ Bxd6 7.Qxd6 Qf6 8.Qd2
Nge7 9.Nc3 d6 10.Bc4 Be6 11.Nd5 Bxd5 12.exd5 Qh4 13.Bb3 Qe4+ 14.Kf1 Nd4 15.f3
Qf5 16.Kf2 O-O 17.c3 Nxb3 18.axb3 Rfc8 19.Rd1 Rc5 20.Qg5 Qxg5 21.Bxg5 f6 22.
Bh4 Rxd5 23.Rxd5 Nxd5 24.Rd1 Ne7 25.g4 g5 26.Bg3 d5 27.Ke2 Kf7 28.Bf2 Ke6 29.
h4 h6 30.hxg5 hxg5 31.Rh1 Rd8 32.Rh7 Rd7 33.Bc5 Ng6 34.Rh6 Nf4+ 35.Ke3 b6 36.
Bxb6 d4+ 37.cxd4 Nd5+ 38.Ke4 Nxb6 39.dxe5 Nd5 40.f4 gxf4 41.g5 Rb7 42.Kd4 Rb4+
43.Kc5 Kxe5 44.g6 Rxb3 45.Rh5+ Ke6 0-1

[Event "Preferente Grupo I"]
[Site ""]
[Date "2011.03.05"]
[Round "5.34"]
[White "Garcia Vicente Nieves"]
[Black "Najera de Miguel Pedro"]
[Result "1/2-1/2"]
[WhiteElo "2220"]
[BlackElo "2020"]

1.d4 d5 2.c4 c6 3.Nc3 Nf6 4.e3 e6 5.Nf3 Nbd7 6.Bd3 Bd6 7.O-O O-O 8.e4 dxc4 9.
Bxc4 b5 10.Bd3 e5 11.d5 b4 12.dxc6 bxc3 13.cxd7 cxb2 14.Bxb2 Nxd7 15.Bc4 Qe7
16.Ng5 Nf6 17.Qe2 Rb8 18.Rab1 Bb7 19.f3 Nh5 20.Nh3 Bc8 21.g4 Qh4 22.Qg2 Nf6
23.Bc3 Nd7 24.Kh1 Nb6 25.Bb3 Qe7 26.Qg3 Ba6 27.Rfd1 Rbc8 28.Qe1 Bc4 29.Nf2
Rfd8 1/2-1/2

[Event "Preferente Grupo I"]
[Site ""]
[Date "2011.03.05"]
[Round "5.35"]
[White "Cebollada Pacheco Jesus Raul"]
[Black "Cabrera Moreno Daniel"]
[Result "1/2-1/2"]
[WhiteElo "1999"]
[BlackElo "2193"]

1.e4 e5 2.Nf3 Nc6 3.Nc3 Nf6 4.Bb5 d6 5.d4 exd4 6.Nxd4 Bd7 7.Bxc6 bxc6 8.Qd3
Qb8 9.b3 Be7 10.Bb2 O-O 11.O-O-O Qb7 12.Nf5 Bxf5 13.exf5 Rfe8 14.g4 Nd5 15.
Nxd5 cxd5 16.h4 c6 17.g5 Bf8 18.f6 Qb4 19.h5 Qf4+ 20.Kb1 Qxg5 21.fxg7 Be7 22.
Qf3 a5 23.Rdg1 Qh6 24.a4 Bg5 25.Qf5 Bf4 26.Rg4 Be5 27.Bc1 Qe6 28.Qf3 Rab8 29.
Rg5 Rb7 30.Bb2 Reb8 31.Rf5 Bxb2 32.Kxb2 Rb4 33.Ka3 Re4 34.Rf6 Qe7 35.h6 Qb7
36.Qc3 Qe7 1/2-1/2

[Event "Preferente Grupo I"]
[Site ""]
[Date "2011.03.05"]
[Round "5.36"]
[White "Cid Royo Oscar"]
[Black "Alvarez Gonzalo Miguel Angel"]
[Result "1-0"]
[WhiteElo "2083"]
[BlackElo "1995"]

1.d4 Nf6 2.Nf3 e6 3.Bf4 b6 4.e3 Bb7 5.Bd3 c5 6.c3 Be7 7.Nbd2 d5 8.Qe2 Nbd7 9.
O-O Nh5 10.Ne5 Nxf4 11.exf4 Nxe5 12.fxe5 O-O 13.f4 cxd4 14.cxd4 g6 15.g4 a6
16.Rf3 Bb4 17.Rh3 f5 18.gxf5 exf5 19.Nf3 Bc8 20.Rc1 Re8 21.Ng5 Ra7 22.Qg2 Rg7
23.Rc6 Qd7 24.Rxb6 Be7 25.Nxh7 g5 26.Nxg5 Bxg5 27.fxg5 Qd8 28.Rd6 Qa5 29.Qxd5+
Qxd5 30.Rxd5 f4 31.Rh5 Bg4 32.Rh4 Rxg5 33.Kf2 f3 34.Rd6 Be6 35.Rxe6 Rxe6 36.
Bc4 1-0

[Event "Preferente Grupo I"]
[Site ""]
[Date "2011.03.05"]
[Round "5.37"]
[White "Dominguez Bujeda Jesus"]
[Black "Malo Guillen Jose Luis"]
[Result "0-1"]
[WhiteElo "2138"]
[BlackElo "2183"]

1.d4 d5 2.c4 dxc4 3.Nf3 Nf6 4.e3 Bg4 5.Bxc4 e6 6.h3 Bh5 7.Nc3 a6 8.g4 Bg6 9.
Ne5 Nbd7 10.Nxg6 hxg6 11.Bf1 e5 12.Bg2 Rb8 13.O-O Bd6 14.f4 exd4 15.exd4 c5
16.Re1+ Kf8 17.d5 Qc7 18.Qf3 c4 19.g5 Nh5 20.Ne4 Re8 21.Bd2 Bxf4 22.Bxf4 Nxf4
23.Rf1 Rh4 24.Rae1 Ne5 25.Qa3+ Kg8 26.d6 Qd7 27.Re3 Nxg2 28.Kxg2 Qc6 29.Rfe1
Nd7 30.Kf3 f5 31.gxf6 Nxf6 32.d7 Nxd7 0-1

[Event "Preferente Grupo I"]
[Site ""]
[Date "2011.03.05"]
[Round "5.38"]
[White "Alonso Blasco Jose Miguel"]
[Black "Martin Catalan Juan Vicente"]
[Result "0-1"]
[WhiteElo "2130"]
[BlackElo "2095"]

1.e4 c5 2.Nf3 Nc6 3.d4 cxd4 4.Nxd4 g6 5.c4 Bg7 6.Be3 d6 7.Nc3 Nf6 8.Be2 O-O 9.
O-O Nxd4 10.Bxd4 Be6 11.Rc1 Qa5 12.b3 Rfc8 13.Qd2 a6 14.Rfd1 Nd7 15.Bxg7 Kxg7
16.Qb2 Kg8 17.a4 Qb4 18.Rd2 Nc5 19.Rb1 a5 20.f4 Qb6 21.Kh1 f6 22.Bf3 Na6 23.
Re1 Nc5 24.Nb5 Bd7 25.e5 dxe5 26.fxe5 Bxb5 27.cxb5 f5 28.Bd5+ e6 29.Bf3 Rd8
30.Red1 Rxd2 31.Rxd2 Rd8 32.h4 Ne4 33.Bxe4 fxe4 34.Re2 Rd1+ 35.Kh2 Qg1+ 36.Kg3
Rd3+ 37.Kf4 e3 38.Ke4 Rd5 39.Rxe3 Qf1 40.g4 Qh1+ 41.Kf4 Qxh4 42.Qg2 g5+ 43.Ke4
Qh6 44.Qh3 Qg6+ 45.Kf3 Qf7+ 46.Ke2 Qf4 47.Qg3 Qd4 48.Rd3 Rxe5+ 49.Re3 Qb2+ 50.
Kf1 Qc1+ 51.Re1 Rxe1+ 52.Qxe1 Qf4+ 53.Kg2 Qxg4+ 54.Qg3 Qxg3+ 55.Kxg3 Kg7 56.b4
axb4 57.a5 b3 58.a6 bxa6 59.bxa6 b2 60.a7 b1=Q 61.a8=Q Qg1+ 62.Kh3 Qe3+ 63.Kh2
g4 64.Qb7+ Kg6 65.Qb1+ Kg5 66.Qb5+ Kf4 67.Qb8+ Qe5 68.Qb3 h5 69.Kh1 Qe1+ 70.
Kg2 Qe2+ 0-1

[Event "Preferente Grupo I"]
[Site ""]
[Date "2011.03.05"]
[Round "5.39"]
[White "Vicente Sanz Fernando"]
[Black "Javierre Conesa Alfonso"]
[Result "0-1"]
[WhiteElo "1945"]
[BlackElo "2058"]

1.d4 d5 2.c4 e6 3.Nc3 Nf6 4.Bg5 Nbd7 5.e3 c6 6.Nf3 Qa5 7.Bxf6 Nxf6 8.Qc2 dxc4
9.Bxc4 b5 10.Bb3 c5 11.dxc5 Bxc5 12.O-O O-O 13.Ne2 Be7 14.Ned4 Bb7 15.Ne5 Bd6
16.Nef3 Qb6 17.Qd3 a6 18.Nxe6 fxe6 19.Bxe6+ Kh8 20.Ng5 Rad8 21.Qc2 Bb8 22.Nf7+
Rxf7 23.Bxf7 Qd6 24.g3 Qe7 25.Rad1 Rc8 26.Qb3 Ne4 27.Qe6 Ng5 28.Qxe7 Nh3# 0-1